01029nam a2200241Ia 4500003000400000005001700004008004100021020001800062040001800080041000800098082001900106245017500125250001200300260004700312300003000359650005300389650003500442650004200477700008400519942003100603999001900634952013400653OSt20251202101433.0210716s2009 xx 000 0 und d a9788120327948 cAIMIT LIBRARY aeng a005.762 bKARH aData mining: next generation challenges and future directions :bnext generation challenges and future directions /cEdited by Hillol Kargupta, Anupam Joshi ...{et.al.]. a1st ed. aNew Delhi :bPHI Learning Pvt Ltd ,c2009. axviii,558 p.;bPBc22 cm. aCounterterrorism privacy and data mining9247229 aScientific data mining9247230 aWeb semantics and data mining9247231 aJoshi, Anupam;Kargupta, Hillol;Sivakumar, Krishnamoorthy;Yesha, Yelena.9247232 2ddccBKe1stk005.762 KARH c191405d191405 001040708MCAaAIMITbAIMITeBiblios Book Pointg350.00l0o005.762 KARHpMCA10913r2026-05-23 00:00:00v262.50w2021-07-16yBK